[Event "2BLN 2122 SG AE Magdeburg - SF Berlin I"]
[Site "?"]
[Date "2022.07.02"]
[Round "9.2"]
[White "Gungl, Theo"]
[Black "Florstedt, Johannes"]
[Result "1-0"]
[WhiteElo "2387"]
[BlackElo "2368"]
[PlyCount "87"]
[EventDate "2022.??.??"]

1. d4 Nf6 2. c4 g6 3. Nc3 d5 4. cxd5 Nxd5 5. e4 Nxc3 6. bxc3 Bg7 7. Nf3 c5 8.
Be3 Qa5 9. Nd2 cxd4 10. Nc4 Qd8 11. cxd4 O-O 12. Qd2 Nc6 13. Rd1 b5 14. Na3 a6
15. Nc2 e6 16. Be2 Qa5 17. O-O Bb7 18. d5 Qxd2 19. Rxd2 exd5 20. exd5 Ne5 21.
f4 Nd7 22. Bf3 Rac8 23. Rb1 Rfe8 24. Kf2 Bc3 25. Rdd1 Rc4 26. Be2 Rce4 27. Bf3
Rc4 28. Be2 Ra4 29. a3 Ba5 30. Rb3 Nf6 31. Bf3 Ne4+ 32. Bxe4 Raxe4 33. g3 Rd8
34. Rbd3 Rc4 35. Na1 Rc3 36. d6 b4 37. Nb3 Rxd3 38. Rxd3 Bc7 39. Nc5 Rxd6 40.
Rxd6 Bxd6 41. Nxb7 b3 42. Bc1 Bc7 43. Ke2 Bb6 44. Nd6 1-0

[Event "2BLN 2122 SG AE Magdeburg - SF Berlin I"]
[Site "?"]
[Date "2022.07.02"]
[Round "9.3"]
[White "Polzin, Rainer"]
[Black "Malek, Daniel"]
[Result "0-1"]
[WhiteElo "2390"]
[BlackElo "2346"]
[PlyCount "88"]
[EventDate "2022.??.??"]

1. e4 c6 2. d4 d5 3. e5 Bf5 4. Nd2 e6 5. Nb3 Nd7 6. Nf3 Ne7 7. Be2 Nc8 8. O-O
Be7 9. Bd2 O-O 10. c4 dxc4 11. Na5 Rb8 12. Nxc4 Ndb6 13. Ne3 Be4 14. Ba5 Qd7
15. Qd2 Nd5 16. Nxd5 Qxd5 17. Rfd1 Nb6 18. b3 h6 19. Qe1 Qd7 20. Nd2 Bc2 21.
Rdc1 Bg6 22. Nf3 Nd5 23. a4 b6 24. Bd2 a5 25. Bc4 Nb4 26. Bxb4 Bxb4 27. Qe2
Rfd8 28. h3 b5 29. axb5 cxb5 30. Bd3 Bxd3 31. Qxd3 Rbc8 32. h4 Qd5 33. h5 Rc6
34. Rxc6 Qxc6 35. Rd1 Qd5 36. Rc1 a4 37. bxa4 bxa4 38. Qb1 Bf8 39. Rc2 a3 40.
Qa2 Qe4 41. Qc4 Ra8 42. Nd2 Qe1+ 43. Nf1 Qb1 44. Qa2 Qxc2 0-1

[Event "2BLN 2122 SG AE Magdeburg - SF Berlin I"]
[Site "?"]
[Date "2022.07.02"]
[Round "9.4"]
[White "Biastoch, Bennet"]
[Black "Chatzidakis, Mihail"]
[Result "0-1"]
[WhiteElo "2240"]
[BlackElo "2368"]
[PlyCount "46"]
[EventDate "2022.??.??"]

1. e4 c5 2. Nf3 a6 3. c3 d5 4. e5 Nc6 5. d4 Bg4 6. Be2 e6 7. Nbd2 Qb6 8. O-O
Nh6 9. h3 Bh5 10. Qa4 Rc8 11. dxc5 Bxc5 12. b4 Be7 13. g4 Bg6 14. Nb3 O-O 15.
Be3 Qc7 16. Nc5 Rfe8 17. Rfe1 Nxe5 18. Nxe5 Qxe5 19. Nxb7 Qxc3 20. Nc5 Bc2 21.
Rac1 Qxe1+ 22. Rxe1 Bxa4 23. Nxa4 Bxb4 0-1

[Event "2BLN 2122 SG AE Magdeburg - SF Berlin I"]
[Site "?"]
[Date "2022.07.02"]
[Round "9.5"]
[White "Lundin, Jan"]
[Black "Melamed, Tatjana"]
[Result "0-1"]
[WhiteElo "2197"]
[BlackElo "2380"]
[PlyCount "62"]
[EventDate "2022.??.??"]

1. d4 Nf6 2. c4 e6 3. Nc3 Bb4 4. Nf3 O-O 5. Bg5 h6 6. Bh4 c5 7. d5 exd5 8. cxd5
d6 9. Nd2 Nbd7 10. e4 Re8 11. Qc2 Nxe4 12. Ndxe4 Bxc3+ 13. Kd1 Qxh4 14. Nxc3
Nf6 15. Bb5 Re5 16. g3 Qd4+ 17. Qd2 Bg4+ 18. Kc1 Bf3 19. Re1 Rxe1+ 20. Qxe1 a6
21. Ba4 b5 22. Bd1 Bxd1 23. Nxd1 Re8 24. Qd2 Qc4+ 25. Qc2 Qf1 26. a4 b4 27. Qf5
Re5 28. Qf3 Rxd5 29. Kc2 Qc4+ 30. Kb1 Ne4 31. b3 Nd2+ 0-1

[Event "2BLN 2122 SG AE Magdeburg - SF Berlin I"]
[Site "?"]
[Date "2022.07.02"]
[Round "9.6"]
[White "Paul, Johannes"]
[Black "Hoffmann, Udo"]
[Result "0-1"]
[WhiteElo "2316"]
[BlackElo "2304"]
[PlyCount "73"]
[EventDate "2022.??.??"]

1. d4 Nf6 2. c4 e6 3. Nc3 c5 4. d5 exd5 5. cxd5 d6 6. e4 g6 7. Nge2 Bg7 8. Ng3
O-O 9. Be2 Na6 10. O-O Nc7 11. a4 Rb8 12. Bg5 h6 13. Be3 Re8 14. Qd2 Kh7 15. f4
Bg4 16. Bc4 Bd7 17. h3 b5 18. axb5 Bxb5 19. Nxb5 Nxb5 20. e5 dxe5 21. fxe5 Rxe5
22. Bf4 Nd7 23. Bxe5 Nxe5 24. Bxb5 Rxb5 25. Rxa7 Qb8 26. Ra2 f5 27. Ne2 Rb3 28.
Qc2 Qb6 29. Kh1 c4 30. Nf4 Qd6 31. Qd1 Nd3 32. Nxd3 Rxd3 33. Qe1 Qxd5 34. Ra6
Rxh3+ 35. Kg1 Bd4+ 36. Rf2 Bxf2+ 37. Kxf2 0-1

[Event "2BLN 2122 SG AE Magdeburg - SF Berlin I"]
[Site "?"]
[Date "2022.07.02"]
[Round "9.7"]
[White "Rudolf, Henrik"]
[Black "Schoene, Maria"]
[Result "1-0"]
[WhiteElo "2252"]
[BlackElo "2178"]
[PlyCount "49"]
[EventDate "2022.??.??"]

1. e4 c5 2. Nf3 d6 3. d4 cxd4 4. Nxd4 Nf6 5. Nc3 g6 6. Be3 Bg7 7. f3 Nc6 8. Qd2
O-O 9. Bc4 Bd7 10. h4 h5 11. O-O-O Ne5 12. Bb3 Rc8 13. Bg5 Rc5 14. Kb1 b5 15.
g4 hxg4 16. h5 Nxh5 17. Nd5 Rxd5 18. Bxd5 Kh7 19. f4 Nc4 20. Rxh5+ gxh5 21. Qh2
Kg6 22. Rh1 Rh8 23. f5+ Kxg5 24. Nf3+ gxf3 25. Qh4+ 1-0

[Event "2BLN 2122 SG AE Magdeburg - SF Berlin I"]
[Site "?"]
[Date "2022.07.02"]
[Round "9.8"]
[White "Armbrust, Florian"]
[Black "Nogly, Christoph"]
[Result "1/2-1/2"]
[WhiteElo "2263"]
[BlackElo "2242"]
[PlyCount "25"]
[EventDate "2022.??.??"]

1. e4 e5 2. Nf3 Nc6 3. Bb5 Nf6 4. O-O Bc5 5. Nxe5 Nxe4 6. Qe2 Nxe5 7. d4 Be7 8.
dxe5 Nc5 9. Qg4 Kf8 10. Qh5 d5 11. exd6 Qxd6 12. Be3 Qg6 13. Qxg6 {(=)} 1/2-1/2

[Event "2BLN 2122 SK Norderstedt - SV Werder Br"]
[Site "?"]
[Date "2022.07.03"]
[Round "10.1"]
[White "Carlstedt, Jonathan"]
[Black "Barski, Radoslaw"]
[Result "0-1"]
[WhiteElo "2431"]
[BlackElo "2437"]
[PlyCount "80"]
[EventDate "2022.??.??"]

1. d4 d5 2. Nf3 e6 3. c4 c5 4. cxd5 exd5 5. g3 Nc6 6. Bg2 Nf6 7. O-O cxd4 8.
Nxd4 Bc5 9. Nb3 Bb6 10. Bg5 O-O 11. Nc3 h6 12. Bxf6 Qxf6 13. Qxd5 Re8 14. Qf3
Qg6 15. Qf4 Bg4 16. a4 a5 17. Nd5 Ba7 18. e4 Rad8 19. Rac1 Ne5 20. Rc3 Be2 21.
Re1 Nd3 22. Rxd3 Bxd3 23. Qd2 Qg5 24. Qxa5 Ba6 25. Bf1 Qe5 26. Bxa6 bxa6 27.
Qxa6 Bxf2+ 28. Kxf2 Rxd5 29. Qe2 Rdd8 30. Rc1 Rb8 31. Rc3 Rb4 32. Nc5 Qd4+ 33.
Kf3 f5 34. a5 fxe4+ 35. Kg2 Reb8 36. Kh3 Qe5 37. Qg4 e3 38. Rc4 Rxc4 39. Qxc4+
Kh8 40. Ne4 Qh5+ 0-1

[Event "2BLN 2122 SK Norderstedt - SV Werder Br"]
[Site "?"]
[Date "2022.07.03"]
[Round "10.2"]
[White "Ostrovskiy, Andrey"]
[Black "Meins, Gerlef"]
[Result "1/2-1/2"]
[WhiteElo "2412"]
[BlackElo "2422"]
[PlyCount "84"]
[EventDate "2022.??.??"]

1. e4 c5 2. Nf3 Nc6 3. d4 cxd4 4. Nxd4 Nf6 5. Nc3 d6 6. Bc4 e6 7. Be3 Be7 8.
Qe2 a6 9. a4 O-O 10. Rd1 Qc7 11. O-O Bd7 12. Kh1 Rac8 13. Bb3 Qb8 14. Bg5 Rfe8
15. f4 h6 16. Bh4 Nxe4 17. Nxe4 Bxh4 18. Nxc6 Rxc6 19. Qh5 f5 20. Qxh4 fxe4 21.
f5 Kh7 22. f6 Qd8 23. Qxe4+ g6 24. c3 d5 25. Qh4 Rf8 26. Bc2 Rc4 27. Rd4 e5 28.
Rxc4 dxc4 29. Rd1 Qc7 30. Be4 Bf5 31. Rf1 Qd7 32. h3 b5 33. a5 Qe6 34. Bxf5
gxf5 35. g4 Rxf6 36. gxf5 Qd5+ 37. Kh2 Rf7 38. Rf2 e4 39. Qf4 Rf6 40. Qc7+ Rf7
41. Qf4 Rf6 42. Qc7+ Rf7 1/2-1/2

[Event "2BLN 2122 SK Norderstedt - SV Werder Br"]
[Site "?"]
[Date "2022.07.03"]
[Round "10.3"]
[White "Joachim, Sven"]
[Black "Kopylov, Michael"]
[Result "1/2-1/2"]
[WhiteElo "2404"]
[BlackElo "2372"]
[PlyCount "24"]
[EventDate "2022.??.??"]

1. Nf3 Nf6 2. c4 g6 3. Nc3 Bg7 4. e4 e5 5. Nxe5 Qe7 6. d4 d6 7. Nf3 Nxe4 8. Nd5
Qd8 9. Bd3 O-O 10. Bxe4 Re8 11. Nc3 f5 12. Be3 fxe4 {(=)} 1/2-1/2

[Event "2BLN 2122 SK Norderstedt - SV Werder Br"]
[Site "?"]
[Date "2022.07.03"]
[Round "10.4"]
[White "Michna, Christian"]
[Black "Breutigam, Martin"]
[Result "1-0"]
[WhiteElo "2202"]
[BlackElo "2378"]
[PlyCount "91"]
[EventDate "2022.??.??"]

1. d4 d5 2. Nc3 Nf6 3. Bf4 a6 4. e3 c5 5. dxc5 Nc6 6. a3 e5 7. Bg5 Be6 8. b4
Be7 9. Nf3 O-O 10. Be2 b6 11. cxb6 Qxb6 12. Na4 Qa7 13. c3 Rac8 14. O-O Rfd8
15. Rc1 h6 16. Bh4 g5 17. Bg3 Nd7 18. Nd2 f5 19. h3 f4 20. exf4 gxf4 21. Bg4
Nf8 22. Bh2 Rc7 23. Kh1 Rd6 24. c4 Bxg4 25. Qxg4+ Rg6 26. Qe2 d4 27. c5 Bf6 28.
Nb6 Rcg7 29. Rg1 Bd8 30. Nbc4 Qe7 31. Nd6 Qd7 32. Qxa6 Bc7 33. Qc4+ Kh7 34.
N6e4 Qf5 35. f3 d3 36. Qxd3 Nd4 37. Nb3 Nfe6 38. Nxd4 Nxd4 39. b5 Bd8 40. a4
Qe6 41. b6 Qa2 42. Ra1 Qe2 43. Qxe2 Nxe2 44. a5 Nxg1 45. Bxg1 Rxg2 46. a6 1-0

[Event "2BLN 2122 SK Norderstedt - SV Werder Br"]
[Site "?"]
[Date "2022.07.03"]
[Round "10.5"]
[White "Richter, Christian"]
[Black "Meyer, Falko"]
[Result "1/2-1/2"]
[WhiteElo "2355"]
[BlackElo "2221"]
[PlyCount "76"]
[EventDate "2022.??.??"]

1. d4 c6 2. c4 d5 3. Nf3 Nf6 4. e3 a6 5. Nc3 b5 6. b3 Bg4 7. Be2 e6 8. O-O Nbd7
9. h3 Bf5 10. Bd3 Bxd3 11. Qxd3 Be7 12. e4 b4 13. e5 bxc3 14. exf6 Bxf6 15.
Qxc3 O-O 16. Ba3 Re8 17. cxd5 cxd5 18. Rfe1 Rc8 19. Qd2 Qb6 20. Rac1 h6 21. Rc3
Qb8 22. Rxc8 Rxc8 23. Rc1 Qb7 24. Rc3 Bd8 25. Qc2 Rxc3 26. Qxc3 Bc7 27. Be7 f6
28. Qc2 Kf7 29. Ba3 Bb8 30. Nh4 f5 31. Nf3 Nf6 32. Qc5 Kg8 33. Qf8+ Kh7 34. Bd6
Bxd6 35. Qxd6 Qc8 36. Qc5 Qb7 37. Qd6 Qc8 38. Qc5 Qb7 1/2-1/2

[Event "2BLN 2122 SK Norderstedt - SV Werder Br"]
[Site "?"]
[Date "2022.07.03"]
[Round "10.6"]
[White "Hagenstein, Frank"]
[Black "Ewert, Hannes"]
[Result "1/2-1/2"]
[WhiteElo "2235"]
[BlackElo "2300"]
[PlyCount "74"]
[EventDate "2022.??.??"]

1. d4 Nf6 2. c4 e6 3. g3 d5 4. Nf3 Bb4+ 5. Bd2 Be7 6. Bg2 c6 7. Qc2 Nbd7 8. O-O
b6 9. Bg5 O-O 10. Nbd2 h6 11. Bxf6 Nxf6 12. Rfd1 Bb7 13. e4 Rc8 14. Rac1 c5 15.
exd5 exd5 16. Qf5 Re8 17. dxc5 Bxc5 18. Nb3 g6 19. Qf4 Bf8 20. Nfd4 Rxc4 21.
Rxc4 dxc4 22. Bxb7 cxb3 23. axb3 Bc5 24. Bf3 g5 25. Qd2 Bxd4 26. Qxd4 Re1+ 27.
Kg2 Rxd1 28. Qxd1 Qxd1 29. Bxd1 Kf8 30. Kf3 Ke7 31. Ke3 Kd6 32. Kd4 a5 33. Bf3
Nd7 34. Be2 Nc5 35. Bc4 f6 36. f3 Kc6 37. Kc3 Nd7 1/2-1/2

[Event "2BLN 2122 SK Norderstedt - SV Werder Br"]
[Site "?"]
[Date "2022.07.03"]
[Round "10.7"]
[White "Bach, Matthias"]
[Black "Bohnsack, Ralf"]
[Result "1/2-1/2"]
[WhiteElo "2231"]
[BlackElo "2160"]
[PlyCount "108"]
[EventDate "2022.??.??"]

1. b4 d5 2. Bb2 Nf6 3. e3 Bg4 4. Nf3 e6 5. b5 a6 6. a4 axb5 7. axb5 Rxa1 8.
Bxa1 Be7 9. Be2 O-O 10. O-O Nbd7 11. d3 Qa8 12. Nbd2 Qa5 13. c4 dxc4 14. dxc4
Nc5 15. Bd4 Qa2 16. Qa1 Ra8 17. Qxa2 Rxa2 18. Ra1 Rxa1+ 19. Bxa1 Nfe4 20. Nxe4
Nxe4 21. Kf1 Bf6 22. Bxf6 gxf6 23. Ke1 Bxf3 24. Bxf3 Nc5 25. Kd2 b6 26. Kc3 Kg7
27. Kd4 h6 28. Bd1 f5 29. h3 Kf6 30. f4 Ke7 31. g4 fxg4 32. hxg4 Kd6 33. e4 f6
34. e5+ fxe5+ 35. fxe5+ Ke7 36. Bc2 Kf7 37. Ke3 Kg7 38. Kd4 Nd7 39. Bb1 Kf8 40.
Be4 Nc5 41. Bc2 Kg7 42. Ke3 Nd7 43. Kd4 Nf8 44. Ke4 Kf7 45. Bd3 Ke7 46. Kd4 Kf7
47. Ke4 Nh7 48. Kf4 Ng5 49. Bf1 Ke7 50. Bg2 Nf7 51. Be4 Nd8 52. Bf3 Kd7 53. Be4
c6 54. Bxc6+ Nxc6 1/2-1/2

[Event "2BLN 2122 SK Norderstedt - SV Werder Br"]
[Site "?"]
[Date "2022.07.03"]
[Round "10.8"]
[White "Fernschild, Daniel"]
[Black "Steffens, Olaf"]
[Result "0-1"]
[WhiteElo "1990"]
[BlackElo "2092"]
[PlyCount "116"]
[EventDate "2022.??.??"]

1. d4 c6 2. Nf3 d6 3. Bf4 h6 4. Nc3 g5 5. Bg3 Bg7 6. h3 Nd7 7. e4 Nf8 8. Qd2
Qa5 9. a3 Ng6 10. Bd3 e5 11. Ne2 Qb6 12. c3 N8e7 13. dxe5 dxe5 14. Bc4 g4 15.
hxg4 Bxg4 16. O-O-O O-O 17. Nh4 Rad8 18. Qc2 Qc5 19. Bb3 Nf4 20. Bxf4 Qxf2 21.
Rxd8 Rxd8 22. Bg3 Qe3+ 23. Kb1 Rd2 24. Qc1 Qxe2 25. Re1 Qd3+ 26. Ka2 c5 27. Nf3
Bxf3 28. gxf3 Ng6 29. Rg1 c4 30. Ba4 a6 31. Rd1 Rxd1 32. Qxd1 Qxd1 33. Bxd1 h5
34. Be2 h4 35. Bh2 b5 36. a4 Bh6 37. axb5 axb5 38. Bf1 Bf4 39. Bg1 Bd2 40. Ka3
Nf4 41. Kb4 Nd3+ 42. Kxb5 Nxb2 43. Bf2 Bg5 44. Bh3 Kg7 45. Bc5 Bd2 46. Ba3 Nd3
47. Bc5 Nf4 48. Bf1 Bxc3 49. Kxc4 Bd4 50. Bxd4 exd4 51. Kxd4 h3 52. Bxh3 Nxh3
53. Ke5 Kg6 54. Kd5 Kf6 55. Kd4 Nf4 56. Ke3 Ke5 57. Kf2 Ne6 58. Ke3 f6 0-1

[Event "2BLN 2122 Hamburger SK II - FC St. Paul"]
[Site "?"]
[Date "2022.07.03"]
[Round "10.1"]
[White "Feuerstack, Aljoscha"]
[Black "Kramer, Julian"]
[Result "1/2-1/2"]
[WhiteElo "2484"]
[BlackElo "2466"]
[PlyCount "29"]
[EventDate "2022.??.??"]

1. e4 e6 2. d4 d5 3. Nd2 c5 4. Ngf3 cxd4 5. exd5 Qxd5 6. Bc4 Qd6 7. O-O Nf6 8.
Nb3 Nc6 9. Nbxd4 Nxd4 10. Qxd4 Qxd4 11. Nxd4 Bc5 12. Rd1 Bd7 13. h3 Rc8 14. Bf4
Ke7 15. c3 {(=)} 1/2-1/2

[Event "2BLN 2122 Hamburger SK II - FC St. Paul"]
[Site "?"]
[Date "2022.07.03"]
[Round "10.2"]
[White "Souleidis, Georgios"]
[Black "Krause, Benedict"]
[Result "1/2-1/2"]
[WhiteElo "2428"]
[BlackElo "2420"]
[PlyCount "93"]
[EventDate "2022.??.??"]

1. e4 c6 2. d4 d5 3. e5 Bf5 4. h4 h5 5. c4 e6 6. Nc3 Ne7 7. Nge2 Nd7 8. Ng3 Bg6
9. Bg5 Qb6 10. Rc1 f6 11. exf6 gxf6 12. Be3 Qxb2 13. cxd5 Nxd5 14. Nxd5 exd5
15. Bd3 Bb4+ 16. Kf1 Bxd3+ 17. Qxd3 O-O-O 18. Rb1 Qa3 19. Qd1 Bd6 20. Nf5 Rde8
21. Kg1 Bc7 22. Rh3 Qa6 23. Rf3 Re4 24. g3 Kb8 25. Qb3 Nb6 26. Kg2 Nc4 27. Ng7
Re7 28. Nf5 Rd7 29. Bc1 Re8 30. Ne3 Bb6 31. Nc2 Re6 32. Rf5 Na5 33. Qb4 Qd3 34.
Bf4+ Ka8 35. Rxh5 Qxc2 36. Rh8+ Rd8 37. Rxd8+ Bxd8 38. Qf8 Qe4+ 39. f3 Qe2+ 40.
Kh3 Re8 41. Qd6 Bb6 42. Qxf6 Qxf3 43. Re1 Rd8 44. Be5 Qc3 45. Rb1 Rc8 46. Qf5
Rd8 47. Qf6 1/2-1/2

[Event "2BLN 2122 Hamburger SK II - FC St. Paul"]
[Site "?"]
[Date "2022.07.03"]
[Round "10.3"]
[White "Sawatzki, Frank"]
[Black "Bracker, Frank"]
[Result "1-0"]
[WhiteElo "2377"]
[BlackElo "2368"]
[PlyCount "49"]
[EventDate "2022.??.??"]

1. e4 c5 2. Nf3 e6 3. d4 cxd4 4. Nxd4 Nc6 5. Nc3 Qc7 6. Be3 a6 7. a3 b5 8. Nxc6
Qxc6 9. Be2 Bb7 10. Qd4 Rc8 11. O-O-O Nf6 12. e5 Nd5 13. Bf3 Bxa3 14. Bxd5 exd5
15. Rd3 Bc5 16. Qxc5 Qxc5 17. Bxc5 Rxc5 18. Rhd1 d4 19. Rxd4 Bxg2 20. Rxd7 O-O
21. f4 h5 22. e6 Bc6 23. e7 Re8 24. Rc7 b4 25. Rd8 1-0

[Event "2BLN 2122 Hamburger SK II - FC St. Paul"]
[Site "?"]
[Date "2022.07.03"]
[Round "10.4"]
[White "Colpe, Malte"]
[Black "Krause, Jonah"]
[Result "1/2-1/2"]
[WhiteElo "2367"]
[BlackElo "2360"]
[PlyCount "68"]
[EventDate "2022.??.??"]

1. d4 Nf6 2. c4 g6 3. h4 Bg7 4. Nc3 Nc6 5. Nf3 d6 6. d5 Nb8 7. e4 O-O 8. Be2 e6
9. Nd4 exd5 10. exd5 Re8 11. Bg5 h6 12. Be3 Rxe3 13. fxe3 h5 14. Bf3 Qe7 15.
Qe2 a5 16. O-O-O Ng4 17. Ne4 a4 18. a3 Na6 19. Kb1 Bd7 20. Ka2 Bh6 21. Rd3 Re8
22. Rc3 Bg7 23. Qd2 Nc5 24. Ng5 Ne5 25. Qc2 Bf6 26. Ne4 Bxh4 27. Nxc5 dxc5 28.
Nb5 Bxb5 29. cxb5 b6 30. Qxa4 Bf6 31. e4 Nd7 32. Rc2 Be5 33. Qb3 Kg7 34. Qe3
Rh8 {(=)} 1/2-1/2

[Event "2BLN 2122 Hamburger SK II - FC St. Paul"]
[Site "?"]
[Date "2022.07.03"]
[Round "10.5"]
[White "Voigt, Martin"]
[Black "Woelk, Tom-Frederic"]
[Result "1-0"]
[WhiteElo "2293"]
[BlackElo "2306"]
[PlyCount "71"]
[EventDate "2022.??.??"]

1. e4 c5 2. Nf3 e6 3. Nc3 Nc6 4. d4 cxd4 5. Nxd4 Qc7 6. g3 Nf6 7. Ndb5 Qb8 8.
Bf4 e5 9. Bg5 a6 10. Bxf6 gxf6 11. Na3 Bxa3 12. bxa3 Ne7 13. Bg2 Qc7 14. Qf3
Kf8 15. O-O Kg7 16. Nd1 h5 17. h4 d6 18. Ne3 b5 19. c4 bxc4 20. Rfc1 Be6 21.
Bf1 Nc6 22. Bxc4 Nd4 23. Qd1 Qa5 24. Rab1 Ra7 25. Rb4 Qxa3 26. Rcb1 a5 27. Rb8
Bxc4 28. Rxh8 Ne2+ 29. Qxe2 Bxe2 30. Rbb8 Qc1+ 31. Kh2 f5 32. Rbg8+ Kf6 33.
Nd5+ Ke6 34. Re8+ Kd7 35. Re7+ Kc6 36. Rc8+ 1-0

[Event "2BLN 2122 Hamburger SK II - FC St. Paul"]
[Site "?"]
[Date "2022.07.03"]
[Round "10.6"]
[White "Hommer, Jeremy"]
[Black "Mueller, Fabian"]
[Result "0-1"]
[WhiteElo "2123"]
[BlackElo "2337"]
[PlyCount "76"]
[EventDate "2022.??.??"]

1. e4 c5 2. Nf3 Nc6 3. Bb5 g6 4. O-O Bg7 5. c3 Nf6 6. Re1 O-O 7. d4 cxd4 8.
cxd4 d5 9. e5 Ne4 10. Nc3 Nxc3 11. bxc3 Na5 12. h4 Bg4 13. Be2 Rc8 14. Bd2 f6
15. exf6 exf6 16. Nh2 Bxe2 17. Qxe2 Qd7 18. h5 Nc4 19. h6 Rfe8 20. Qd3 Bf8 21.
Nf1 Qg4 22. Rxe8 Rxe8 23. Ne3 Nxe3 24. Bxe3 Qd7 25. c4 Rc8 26. c5 g5 27. f4
Bxh6 28. fxg5 fxg5 29. Rf1 Re8 30. Rf6 Bg7 31. Rd6 Qf7 32. Qb3 Bxd4 33. Bxd4
Re1+ 34. Kh2 Qf4+ 35. g3 Re2+ 36. Bf2 Qxf2+ 37. Kh3 Qf5+ 38. g4 Qf1+ 0-1

[Event "2BLN 2122 Hamburger SK II - FC St. Paul"]
[Site "?"]
[Date "2022.07.03"]
[Round "10.7"]
[White "Stenner, Patrick"]
[Black "Peyrer, Konstantin"]
[Result "1/2-1/2"]
[WhiteElo "2261"]
[BlackElo "2406"]
[PlyCount "45"]
[EventDate "2022.??.??"]

1. e4 e5 2. Nf3 Nc6 3. d4 exd4 4. Nxd4 Nge7 5. Nc3 Nxd4 6. Qxd4 Nc6 7. Qd3 d6
8. Bf4 Be6 9. O-O-O Qd7 10. Qg3 O-O-O 11. Bb5 a6 12. Ba4 b5 13. Nxb5 axb5 14.
Bxb5 Kb7 15. Rd3 Nd4 16. Bxd7 Ne2+ 17. Kb1 Nxg3 18. Bxe6 Nxh1 19. Rb3+ Kc6 20.
Rc3+ Kb6 21. Rb3+ Kc6 22. Rc3+ Kb7 23. Rb3+ 1/2-1/2

[Event "2BLN 2122 Hamburger SK II - FC St. Paul"]
[Site "?"]
[Date "2022.07.03"]
[Round "10.8"]
[White "Bracker, Arne"]
[Black "Breyther, Ruediger"]
[Result "1-0"]
[WhiteElo "2273"]
[BlackElo "2255"]
[PlyCount "89"]
[EventDate "2022.??.??"]

1. e4 c6 2. Nc3 d5 3. Nf3 dxe4 4. Nxe4 Nf6 5. Qe2 Nxe4 6. Qxe4 Nd7 7. d4 Nf6 8.
Qd3 g6 9. Be2 Bg7 10. O-O O-O 11. Re1 Bf5 12. Qb3 Qb6 13. c3 Qxb3 14. axb3 Nd5
15. b4 a6 16. Bc4 Rfe8 17. h3 Rad8 18. Bg5 Kf8 19. Rad1 h6 20. Bh4 Be6 21. Nd2
Nf4 22. Bf1 g5 23. Bg3 Bd5 24. Bxf4 gxf4 25. Bc4 e5 26. dxe5 Bxe5 27. Bxd5 Rxd5
28. Nc4 Bc7 29. Rxe8+ Kxe8 30. Rxd5 cxd5 31. Nd2 Ke7 32. Nb3 Bb6 33. Kf1 Kd6
34. Ke2 Ke5 35. Kf3 d4 36. Nxd4 Bxd4 37. cxd4+ Kxd4 38. Kxf4 Kc4 39. Kf5 Kxb4
40. g4 Kb3 41. h4 Kxb2 42. h5 f6 43. Kxf6 a5 44. g5 a4 45. gxh6 1-0

[Event "2BLN 2122 SV Lingen - SK Kirchweyhe"]
[Site "?"]
[Date "2022.07.03"]
[Round "10.1"]
[White "Stevic, Hrvoje"]
[Black "Gutman, Lev"]
[Result "1-0"]
[WhiteElo "2563"]
[BlackElo "2358"]
[PlyCount "55"]
[EventDate "2022.??.??"]

1. e4 c5 2. c3 Nf6 3. e5 Nd5 4. Bc4 Nb6 5. Bb3 g6 6. d4 cxd4 7. cxd4 Bg7 8. a4
a5 9. Nc3 O-O 10. h4 d6 11. Be3 Nc6 12. h5 dxe5 13. dxe5 Ra6 14. hxg6 hxg6 15.
f4 Nb4 16. Qe2 Qd3 17. Rd1 Qxe2+ 18. Kxe2 Bf5 19. Nf3 Bc2 20. Bxc2 Nxc2 21. Bc5
f6 22. Bxe7 Re8 23. Rd8 Rxd8 24. Bxd8 fxe5 25. fxe5 Nd7 26. Bc7 Nb4 27. Rd1
Nxe5 28. Rd8+ 1-0

[Event "2BLN 2122 SV Lingen - SK Kirchweyhe"]
[Site "?"]
[Date "2022.07.03"]
[Round "10.2"]
[White "Gazic, Josip"]
[Black "Jovanovic, Zoran"]
[Result "0-1"]
[WhiteElo "2160"]
[BlackElo "2520"]
[PlyCount "54"]
[EventDate "2022.??.??"]

1. e4 Nc6 2. Nf3 d6 3. d4 Nf6 4. c3 e5 5. Be3 Be7 6. h3 O-O 7. d5 Nb8 8. Nbd2
c6 9. Qb3 Nbd7 10. Be2 Qa5 11. dxc6 bxc6 12. Qc4 Qc7 13. g4 a5 14. g5 Nh5 15.
Qb3 a4 16. Qc2 Ba6 17. Nc4 d5 18. Ncxe5 Nxe5 19. Nxe5 Qxe5 20. Bxh5 Bxg5 21.
Bf3 Bxe3 22. fxe3 dxe4 23. Qxe4 Qg3+ 24. Kd2 Rad8+ 25. Kc1 Qf2 26. Rd1 Rxd1+
27. Bxd1 Rd8 0-1

[Event "2BLN 2122 SV Lingen - SK Kirchweyhe"]
[Site "?"]
[Date "2022.07.03"]
[Round "10.3"]
[White "Palac, Mladen"]
[Black "Boehme, Arne"]
[Result "1-0"]
[WhiteElo "2513"]
[BlackElo "2176"]
[PlyCount "35"]
[EventDate "2022.??.??"]

1. d4 g6 2. e4 Bg7 3. Nc3 d6 4. Be3 a6 5. g4 b5 6. Bg2 Bb7 7. h4 h5 8. gxh5
Rxh5 9. Bf3 Rh8 10. h5 gxh5 11. e5 Qc8 12. Bxb7 Qxb7 13. Rxh5 e6 14. Rxh8 Bxh8
15. Qh5 Qg2 16. O-O-O Bg7 17. Nge2 Qg6 18. Qh1 1-0

[Event "2BLN 2122 SV Lingen - SK Kirchweyhe"]
[Site "?"]
[Date "2022.07.03"]
[Round "10.4"]
[White "Kandic, Milan"]
[Black "Zelcic, Robert"]
[Result "0-1"]
[WhiteElo "2043"]
[BlackElo "2492"]
[PlyCount "88"]
[EventDate "2022.??.??"]

1. e4 Nf6 2. e5 Nd5 3. d4 d6 4. Nf3 Bg4 5. Be2 c6 6. c4 Nb6 7. exd6 exd6 8. O-O
Be7 9. b3 O-O 10. Bb2 Bf6 11. Nc3 Re8 12. Qd2 d5 13. cxd5 Nxd5 14. Nxd5 Qxd5
15. h3 Bh5 16. Bc4 Qd6 17. Rfe1 Nd7 18. Ng5 Bg6 19. a4 Nb6 20. Nf3 h6 21. Rxe8+
Rxe8 22. Bf1 Bf5 23. Qa5 Qd5 24. Qxd5 Nxd5 25. Rc1 Be6 26. Bc4 Rd8 27. Kf1 a6
28. Ne5 Nf4 29. Bxe6 Nxe6 30. Rc4 Bxe5 31. dxe5 Rd1+ 32. Ke2 Rb1 33. Rc2 Nf4+
34. Kd2 Nxg2 35. Kc3 Nf4 36. Rd2 Nd5+ 37. Kc4 Rh1 38. Rd3 Re1 39. Rg3 b6 40.
Bd4 Rc1+ 41. Kd3 c5 42. Kd2 Rb1 43. Kc2 Rf1 44. Be3 Nxe3+ 0-1

[Event "2BLN 2122 SV Lingen - SK Kirchweyhe"]
[Site "?"]
[Date "2022.07.03"]
[Round "10.5"]
[White "Genov, Petar"]
[Black "Moeller, Christian"]
[Result "1-0"]
[WhiteElo "2414"]
[BlackElo "1861"]
[PlyCount "37"]
[EventDate "2022.??.??"]

1. Nf3 g6 2. g3 Bg7 3. d4 Nf6 4. Bg2 d6 5. O-O Bd7 6. Re1 O-O 7. e4 c6 8. Nc3
Na6 9. h3 h6 10. Be3 Nc7 11. a4 Kh7 12. Qe2 Qc8 13. Kh2 Ng8 14. e5 Be6 15. Rad1
Re8 16. Ne4 Bd5 17. exd6 Bxe4 18. dxc7 Qxc7 19. Ng5+ 1-0

[Event "2BLN 2122 SV Lingen - SK Kirchweyhe"]
[Site "?"]
[Date "2022.07.03"]
[Round "10.6"]
[White "Baars, Nico"]
[Black "Ascic, Pero"]
[Result "1/2-1/2"]
[WhiteElo "1712"]
[BlackElo "2245"]
[PlyCount "32"]
[EventDate "2022.??.??"]

1. Nf3 d5 2. g3 c5 3. Bg2 Nc6 4. d4 Nf6 5. O-O e6 6. c4 dxc4 7. Qa4 Bd7 8. dxc5
Bxc5 9. Qxc4 Be7 10. Nc3 O-O 11. Rd1 Rc8 12. e4 Qa5 13. Qe2 Rfd8 14. e5 Nd5 15.
Nxd5 exd5 16. Ng5 Be8 {(=)} 1/2-1/2

[Event "2BLN 2122 SV Lingen - SK Kirchweyhe"]
[Site "?"]
[Date "2022.07.03"]
[Round "10.7"]
[White "Vernacki, Srdjan"]
[Black "Tunka, Josef"]
[Result "1-0"]
[WhiteElo "2278"]
[BlackElo "1801"]
[PlyCount "85"]
[EventDate "2022.??.??"]

1. e4 e5 2. Nf3 Nc6 3. Bb5 a6 4. Ba4 Nf6 5. d3 b5 6. Bb3 Be7 7. Nbd2 d6 8. Nf1
Na5 9. Ng3 Nxb3 10. axb3 g6 11. O-O Bf8 12. d4 Qe7 13. c3 Bg7 14. b4 O-O 15.
dxe5 dxe5 16. Be3 Re8 17. Bc5 Qd7 18. Nd2 Qc6 19. Nb3 Be6 20. Na5 Qd7 21. Qc2
Rad8 22. Rfd1 Qc8 23. Rxd8 Qxd8 24. Nc6 Qa8 25. Na5 Nd7 26. Rd1 Nb8 27. Nf1 Nc6
28. Nxc6 Qxc6 29. Ne3 a5 30. Nd5 Bxd5 31. exd5 Qa8 32. Qe2 Qa6 33. d6 Qc6 34.
dxc7 Qxc7 35. Qxb5 Rd8 36. Rxd8+ Qxd8 37. bxa5 Qd1+ 38. Qf1 Qc2 39. b4 Qxc3 40.
a6 Bf8 41. Bxf8 Kxf8 42. b5 Qc5 43. Qa1 1-0